Minecraft Ores Sudden Death - Statistics

General Stats
  • This quiz has been taken 210 times
  • The average score is 9 of 11
Answers on the Grid
Answers color-coded by a green-red scale on the quiz's grid according to % correct below.
Gold
Diamond
Copper
Iron
Coal
Redstone
Lapis Lazuli
Nether Quartz
Ancient Debris
Emeralds
Amethyst
Radium
Bluestone
Sapphire
Ruby
Plutonium
Jasper
Granite
Ginger
Silver
Bronze
Garnet
Topaz
Peridot
Tanzanite
Aquamarine
Turquoise
Moonstone
Pearl
Opal
Citrine
Sunstone
 
Answer Stats
Answer % Correct
Emeralds
87%
Diamond
86%
Iron
83%
Gold
82%
Lapis Lazuli
81%
Redstone
81%
Copper
80%
Coal
78%
Nether Quartz
75%
Ancient Debris
74%
Amethyst
71%
No matching quizzes found
Score Distribution
Percent of People with Each Score
Percentile by Number Answered
Your Score History
You have not taken this quiz